| 000 | 00852nam a2200241 a 4500 | ||
|---|---|---|---|
| 005 | 20240924065837.0 | ||
| 008 | 081014s1995 mx r 000 0 spa d | ||
| 035 | _aUPN01000163590 | ||
| 049 | _aUNE | ||
| 080 | _a377 (100)=20 "1995" KEN No.3 | ||
| 100 | 1 | _aKenneke, Larry | |
| 245 | 1 | 0 |
_aA guide for evaluation of technical and vocational education curricula / _cLarry Kenneke. |
| 260 |
_aParis : _bUNESCO; _aTURIN : _bILO, _c1995. |
||
| 300 |
_a142 p. ; _blamns. |
||
| 440 | 0 |
_aUNEVOC. Studies in technical and vocational education ; _v3. |
|
| 500 | _aIncluye bibliografía | ||
| 690 |
_aEnseñanza técnica _99074 |
||
| 690 | _aCurriculo de escuelas profesionales | ||
| 710 | 2 | _aUNEVOC. International Project on Technical and Vocational Education | |
| 710 | 2 | _aUNESCO | |
| 710 | 2 | _aOIT. Oficina Internacional del Trabajo | |
| 905 | _aUNESCO | ||
| 999 |
_c135703 _d135703 |
||